L'Essentiel de la grammaire anglaise : 200 exercices et leurs corrigés (notice n° 1796019)

détails MARC
000 -LEADER
fixed length control field 01360cam a2200133 4500500
005 - DATE AND TIME OF LATEST TRANSACTION
control field 20260329000450.0
041 ## - LANGUAGE CODE
Language code of text/sound track or separate title fre
042 ## - AUTHENTICATION CODE
Authentication code dc
100 10 - MAIN ENTRY--PERSONAL NAME
Personal name Brasart, Charles
Relator term author
245 00 - TITLE STATEMENT
Title L'Essentiel de la grammaire anglaise : 200 exercices et leurs corrigés
260 ## - PUBLICATION, DISTRIBUTION, ETC.
Name of publisher, distributor, etc. Armand Colin,<br/>
Date of publication, distribution, etc. 2021.<br/>
520 ## - SUMMARY, ETC.
Summary, etc. Pour acquérir ou consolider une connaissance des bases du fonctionnement de l’anglais, à l’école, à l’université ou dans le monde du travail : - Vous trouverez au début de l’ouvrage un exercice vous permettant de vous orienter dans sa lecture : des phrases vous sont proposées, chacune contenant une ou plusieurs erreurs. Pour chaque exemple vous pourrez directement vous rendre au chapitre qui traite le point de grammaire de manière claire et illustrée. - En fin d’ouvrage, une liste des verbes irréguliers vous permettra de vérifier vos connaissances et un glossaire, de revoir la définition des termes techniques. - Vous trouverez également un petit précis de prononciation et d’intonation, un autre de ponctuation et l'essentiel de l'anglais en quelques dates. - Des exercices supplémentaires et leurs corrigés pour vous entraîner sont disponibles en compléments en ligne.
856 41 - ELECTRONIC LOCATION AND ACCESS
Uniform Resource Identifier <a href="https://shs.cairn.info/l-essentiel-de-la-grammaire-anglaise--9782200626600?lang=fr&redirect-ssocas=7080">https://shs.cairn.info/l-essentiel-de-la-grammaire-anglaise--9782200626600?lang=fr&redirect-ssocas=7080</a>

Pas d'exemplaire disponible.

PLUDOC

PLUDOC est la plateforme unique et centralisée de gestion des bibliothèques physiques et numériques de Guinée administré par le CEDUST. Elle est la plus grande base de données de ressources documentaires pour les Étudiants, Enseignants chercheurs et Chercheurs de Guinée.

Adresse

627 919 101/664 919 101

25 boulevard du commerce
Kaloum, Conakry, Guinée

Réseaux sociaux

Powered by Netsen Group @ 2025